000 00305nam a2200121Ia 4500
008 240731s9999 xx 000 0 und d
022 _a1940-1639
245 0 _aJournal of College and Character
260 _bRoutledge
856 _uhttps://www.tandfonline.com/loi/ujcc20
942 _2ddc
942 _cTFEJ
999 _c77551
_d77551
945 _a1
_bMadushi Gamage
_c1
_dMadushi Gamage